Pittsburgh Steelers Players - Sudden Death - Statistics

General Stats
  • This quiz has been taken 123 times
  • The average score is 13 of 16
Answers on the Grid
Answers color-coded by a green-red scale on the quiz's grid according to % correct below.
Aaron Rodgers
Antonio Brown
Ben Roethlisberger
Brett Farve
Cameron Heyward
Charvarius Ward
Chris Jones
Derek Watt
DK Metcalf
Emmett Smith
Hines Ward
Isaiah McDuffie
Ja'Marr Chase
James Harrison
Jerome Bettis
Jim Brown
JJ Watt
Joe Flacco
John Stallworth
JuJu Smith-Schuster
Junior Seau
Manti T'eo
Mason Rudolph
Minkah Fitzpatrick
Myles Garrett
Rob Gronkowski
Rod Woodson
Shannon Sharpe
Terry Bradshaw
TJ Watt
 
Answer Stats
Answer % Correct
Aaron Rodgers
96%
Antonio Brown
94%
Ben Roethlisberger
92%
Cameron Heyward
84%
Hines Ward
82%
DK Metcalf
78%
Jerome Bettis
78%
James Harrison
77%
Mason Rudolph
77%
JuJu Smith-Schuster
76%
TJ Watt
76%
Terry Bradshaw
75%
Minkah Fitzpatrick
73%
Derek Watt
71%
John Stallworth
63%
Rod Woodson
63%
No matching quizzes found
Score Distribution
Percent of People with Each Score
Percentile by Number Answered
Your Score History
You have not taken this quiz